Statistics for Biggest Cities in Pakistan

Click here to take the quiz!

General Stats

  • This quiz has been taken 108 times
  • The average score is 8 of 12

Answer Stats

PopulationProvinceCity% Correct
24,300,000SindhKarachi
97%
1,829,180Capital TerritoryIslamabad
96%
10,052,000PunjabLahore
88%
3,429,471SindhHyderabad
76%
3,363,911PunjabRawalpindi
73%
982,816Khyber PakhtunkhwaPeshawar
69%
7,480,765PunjabFaisalabad
68%
2,000,000BalochistanQuetta
64%
3,117,000PunjabMultan
59%
2,723,009PunjabGujranwala
50%
421,502PunjabSialkot
38%
1,500,000PunjabSargodha
19%

Score Distribution

Percentile by Number Answered

Percent of People with Each Score

Your Score History

You have not taken this quiz